[Event "Topusko op 4th"]
[Site "Topusko"]
[Date "2015.08.06"]
[Round "7"]
[White "Kolsek, Jan"]
[Black "Krakar, Tin"]
[Result "1-0"]
[WhiteElo "1624"]
[BlackElo "1618"]
[PlyCount "29"]
[EventDate "2015.08.01"]
[EventType "swiss"]
[EventRounds "9"]
[EventCountry "CRO"]
[SourceTitle "CBM 167 Extra"]
[Source "ChessBase"]
[SourceDate "2015.09.14"]
[SourceVersion "1"]
[SourceVersionDate "2015.09.14"]
[SourceQuality "1"]

1. e4 e5 2. d4 exd4 3. c3 dxc3 4. Bc4 cxb2 5. Bxb2 Nf6 6. e5 Qe7 7. Qb3 Nh5 8. Nf3 c6 9. 0-0 d5 10. exd6 Qxd6 11. Bxf7+ Ke7 12. Re1+ Kd7 13. Rd1 Qxd1+ 14. Qxd1+ Ke7 15. Bxh5 1-0

[Event "Topusko op 4th"]
[Site "Topusko"]
[Date "2015.08.05"]
[Round "6"]
[White "Krakar, Tin"]
[Black "Kolsek, Meta"]
[Result "1-0"]
[WhiteElo "1618"]
[BlackElo "1213"]
[PlyCount "47"]
[EventDate "2015.08.01"]
[EventType "swiss"]
[EventRounds "9"]
[EventCountry "CRO"]
[SourceTitle "CBM 167 Extra"]
[Source "ChessBase"]
[SourceDate "2015.09.14"]
[SourceVersion "1"]
[SourceVersionDate "2015.09.14"]
[SourceQuality "1"]

1. e4 e6 2. Nf3 d5 3. exd5 exd5 4. Nc3 Nf6 5. g3 Bc5 6. Bg2 0-0 7. 0-0 Nc6 8. d3 Be6 9. Bg5 Be7 10. Re1 Re8 11. Qd2 h6 12. Bf4 Bd6 13. Bxd6 Qxd6 14. h3 Qd7 15. Kh2 Bf5 16. Nh4 Be6 17. a3 a6 18. Re2 d4 19. Na4 Qd6 20. b4 b5 21. Nc5 Nd7 22. Nb7 Qe7 23. Bxc6 Nb8 24. Bxe8 1-0

[Event "Topusko op 4th"]
[Site "Topusko"]
[Date "2015.08.01"]
[Round "1"]
[White "Slobodanac, Sinisa"]
[Black "Krakar, Tin"]
[Result "1-0"]
[WhiteElo "1839"]
[BlackElo "1618"]
[PlyCount "53"]
[EventDate "2015.08.01"]
[EventType "swiss"]
[EventRounds "9"]
[EventCountry "CRO"]
[SourceTitle "CBM 167 Extra"]
[Source "ChessBase"]
[SourceDate "2015.09.14"]
[SourceVersion "1"]
[SourceVersionDate "2015.09.14"]
[SourceQuality "1"]

1. c4 e5 2. Nc3 Nf6 3. d3 h6 4. g3 Nc6 5. Bg2 Bc5 6. Nf3 d6 7. 0-0 0-0 8. h3 Be6 9. e4 Qd7 10. Kh2 Ne7 11. Nd5 Nh7 12. b4 Bb6 13. g4 Nxd5 14. cxd5 Bxg4 15. hxg4 Qxg4 16. Bh3 Qh5 17. Be3 Bxe3 18. fxe3 g5 19. Ng1 Qh4 20. Qg4 Qxg4 21. Bxg4 Kg7 22. Rac1 Nf6 23. Bf5 Ne8 24. Ne2 f6 25. Ng3 Rf7 26. Nh5+ Kg8 27. Be6 1-0